000 00280nam a22001217a 4500
008 170505b xxu||||| |||| 00| 0 eng d
041 _aeng
080 _a34
100 _a14
101 _ashj
245 _aTHE CONSTITUTIONAK AND SUPREME COURT
_cFELLMAN.D
942 _2udc
_cBK
999 _c12802
_d12802